00785nam a22001697a 4500003000900000008004100009040007100050082001800121100003300139245010300172260003800275300002800313505023000341650001200571650001900583650001300602AR-CdUCM190411b ||||| |||| 00| 0 spa d aMUNICIPALIDAD PROVINCIAL DEL CUSCOcBIBLIOTECA MUNICIPAL DEL CUSCO a910.29 /bM12 aMac Donald Escobedo, Eugenio aUna aproximación al conocimiento turístico :b(Bibliográfica, su lectura y localización) / aMéxico :bUniversitaria,c1970. a149 páginas ;c22 cm. aContenido : Introducción -- Significado de las abreviaturas -- Material de que se dispone en la ciudad de México para la investigación y estudio del turismo -- Fuentes auxiliares para la información turística ...  aTurismo aConocimientos  aEstudios